[Event "WRW Progressive"]
[Site "Hailey, ID"]
[Date "2012.10.06"]
[Round "3.5"]
[White "Simonson, Jay L"]
[Black "Nathan, Jacob Ari"]
[Result "1-0"]
[WhiteElo "627"]
[BlackElo "663"]

{Game/60;d5} 1. e4 c5 2. Nf3 d6 3. d4 Nf6 4. dxc5 Nxe4 5. cxd6 Nxd6 6. Bd3 g6
7. Nc3 Bg7 8. b3 Bxc3+ 9. Bd2 Bxa1 10. Qxa1 O-O 11. O-O Qc7 12. Qd4 Bg4 13.
Bh6 Nf5 14. Bxf5 e5 15. Nxe5 Rd8 16. Nd7 f6 17. Nxf6+ Kf7 18. Nd5 Be2 19. Qg7+
Ke8 20. Nxc7# 1-0

[Event "Idaho Open (Reserve)"]
[Site "Pocatello, ID"]
[Date "2013.05.18"]
[Round "2.1"]
[White "Nathan, Jacob Ari"]
[Black "Bless, Patrick Darel"]
[Result "1-0"]
[WhiteElo "1066"]
[BlackElo "1208"]

1. e4 c5 2. d3 Nc6 3. Nd2 d6 4. Ngf3 Nf6 5. g3 g6 6. b3 Bg7 7. Bb2 O-O 8. Bg2
Bg4 9. O-O Qd7 10. h3 Bxh3 11. Ng5 Bxg2 12. Kxg2 Qg4 13. Ngf3 b5 14. c4 b4 15.
Rb1 a5 16. d4 Nxe4 17. Nxe4 Qxe4 18. Re1 Qg4 19. d5 Bxb2 20. Rxb2 Nd4 21. Rxe7
Nxf3 22. Qxf3 Qxf3+ 23. Kxf3 Rfe8 24. Rbe2 Kf8 25. Rxe8+ Rxe8 26. Rxe8+ Kxe8
27. Ke4 f5+ 28. Kf4 h6 29. g4 fxg4 30. Kxg4 Kf7 31. f4 Kf6 32. Kf3 h5 33. Kg3
g5 34. fxg5+ Kxg5 35. Kh3 Kf5 36. Kh4 Ke4 37. Kxh5 Kd3 38. Kg6 Kc3 39. Kf6 Kb2
40. Ke6 Kxa2 41. Kxd6 Kxb3 42. Kxc5 Kc3 43. d6 b3 44. d7 b2 45. d8=Q b1=Q 46.
Qf6+ Kb3 47. Qb6+ Kc2 48. Qxb1+ Kxb1 49. Kb5 a4 50. Kxa4 Kc2 51. Kb5 Kd3 52.
c5 Kd4 53. Kb6 Kd5 54. c6 Kd6 55. Kb7 Ke7 {#r} 1-0

[Event "Idaho Open (Reserve)"]
[Site "Pocatello, ID"]
[Date "2013.05.18"]
[Round "3.1"]
[White "Hart, Valerie Anne"]
[Black "Nathan, Jacob Ari"]
[Result "1-0"]
[WhiteElo "1041"]
[BlackElo "1066"]

1. e4 Nc6 2. d4 Nf6 3. Nc3 d6 4. Nf3 b6 5. Bb5 Bb7 6. d5 Qd7 7. dxc6 Bxc6 8.
Bxc6 Qxc6 9. e5 dxe5 10. Nxe5 Qxg2 11. Qf3 Qxf3 12. Nxf3 e6 13. Nb5 Nd5 14. c4
a6 15. cxd5 axb5 16. dxe6 fxe6 17. Bf4 O-O-O 18. Ne5 Bb4+ 19. Kf1 Rhf8 20. Bg3
Rd6 21. Rc1 Bc5 22. Kg2 Rd2 23. Rhf1 Rxb2 24. Nd3 Rxa2 25. Nxc5 bxc5 26. Rxc5
b4 27. Rxc7+ Kd8 28. Rb7 {#r} 1-0

[Event "Idaho Open (Reserve)"]
[Site "Pocatello, ID"]
[Date "2013.05.19"]
[Round "4.2"]
[White "Nathan, Jacob Ari"]
[Black "Harston, Wesly"]
[Result "1/2-1/2"]
[WhiteElo "1066"]
[BlackElo "734"]

1. e4 c5 2. d3 Nc6 3. Nd2 d6 4. Ngf3 e5 5. g3 Be7 6. Bg2 Bg4 7. O-O Nd4 8. h3
Bxf3 9. Nxf3 Nf6 10. c3 Nxf3+ 11. Bxf3 O-O 12. Be3 d5 13. exd5 Nxd5 14. Bd2
Qd6 15. Rc1 b5 16. c4 bxc4 17. dxc4 Nf4 18. gxf4 Qg6+ 19. Kh2 Rad8 20. Rg1 Qd3
21. Ba5 Qxd1 22. Rcxd1 Rxd1 23. Rxd1 exf4 24. Rd7 Bh4 25. b4 Bxf2 26. Rd8 cxb4
27. Rxf8+ Kxf8 28. Bxb4+ Ke8 29. Kg2 Bd4 30. Kf1 Kd7 31. Ke2 Ke6 32. Kd3 Bg1
33. c5 Kd7 34. c6+ Kc7 35. Ba5+ Bb6 36. Bxb6+ axb6 37. a4 f6 38. Kd4 h6 39.
Kd5 g5 40. Ke6 h5 41. Kxf6 g4 42. hxg4 hxg4 43. Bxg4 Kxc6 44. Ke6 Kc5 45. Kd7
Kb4 46. Kc6 Ka5 47. Bf3 Kxa4 48. Kxb6 Kb4 49. Kc6 Kc4 50. Kd6 Kd4 51. Ke6 Ke3
52. Ba8 Kd4 53. Kf5 Ke3 54. Kg4 f3 55. Bxf3 {#d} 1/2-1/2

[Event "Idaho Open (Reserve)"]
[Site "Pocatello, ID"]
[Date "2013.05.19"]
[Round "5.2"]
[White "Nathan, Jacob Ari"]
[Black "Magnuson, Blake William"]
[Result "0-1"]
[WhiteElo "1066"]
[BlackElo "934"]

1. e4 d5 2. exd5 Qxd5 3. Nc3 Qe6+ 4. Qe2 Nc6 5. d3 Nd4 6. Qxe6 Bxe6 7. Kd2 Nf6
8. Nge2 c5 9. b3 Bf5 10. Ba3 e5 11. Nxd4 exd4 12. Nb5 Kd8 13. Bb2 a6 14. Na3
g6 15. Rd1 Bh6+ 16. Ke1 Re8+ 17. Be2 Re7 18. Nc4 Kc7 19. a4 Rae8 20. Kf1 Rxe2
21. c3 Ng4 {#R} 0-1

[Event "WIO (Open)"]
[Site "Boise, ID"]
[Date "2013.12.14"]
[Round "1.5"]
[White "Nathan, Jacob"]
[Black "Sanderson, Kenneth"]
[Result "0-1"]
[WhiteElo "937"]
[BlackElo "1581"]
[EventRounds "5"]
[EventCountry "USA"]

1. e4 c5 2. Nf3 d6 3. d4 cxd4 4. c3 Nf6 5. Nfd2 Nc6 6. cxd4 Nxd4 7. Nc3 e6 8.
Qa4+ Nc6 9. Nf3 Bd7 10. Qd1 Be7 11. Bc4 Rc8 12. a3 O-O 13. Be3 Ng4 14. Qe2
Nce5 15. Nxe5 Nxe5 16. Bb5 a6 17. Bxd7 Qxd7 18. O-O Nc4 19. Bf4 Rc6 20. Rad1
Qc8 21. e5 d5 22. Qg4 Re8 23. Bh6 g6 24. f4 Ne3 25. Qg3 Nxd1 26. h4 Bc5+ 27.
Kh2 Ne3 28. Qg5 Be7 {#R} 0-1

[Event "WIO (Open)"]
[Site "Boise, ID"]
[Date "2013.12.14"]
[Round "3.4"]
[White "Jin, Benjamin"]
[Black "Nathan, Jacob"]
[Result "1-0"]
[WhiteElo "1381"]
[BlackElo "937"]
[EventRounds "5"]
[EventCountry "USA"]

1. e4 e5 2. Nf3 Nc6 3. Bc4 Bc5 4. c3 Nge7 5. d4 Bb6 6. d5 Nb8 7. Nxe5 d6 8.
Nd3 O-O 9. Bg5 h6 10. Bh4 Qd7 11. Nd2 c6 12. O-O Ng6 13. Bg3 Re8 14. Qh5 Qe7
15. dxc6 Nxc6 16. Qxg6 Na5 17. Bd5 Bd8 18. Bxd6 Qf6 19. Qxf6 Bxf6 20. e5 Rd8
21. c4 Nc6 22. Rfe1 a5 23. exf6 Rxd6 24. Nf4 Rxf6 25. Re8+ Kh7 26. g3 Rb8 27.
Rd8 Nd4 28. Re1 h5 29. Ree8 Kh6 30. h4 {#r} 1-0

[Event "WIO (Open)"]
[Site "Boise, ID"]
[Date "2013.12.15"]
[Round "4.5"]
[White "Nathan, Jacob"]
[Black "Lang, Jamie"]
[Result "0-1"]
[WhiteElo "937"]
[BlackElo "1379"]
[EventRounds "5"]
[EventCountry "USA"]

1. e4 e5 2. Nf3 Nc6 3. d4 d6 4. d5 Nb8 5. c3 Nf6 6. Bg5 Be7 7. Nbd2 c6 8. h3
cxd5 9. Bxf6 Bxf6 10. exd5 O-O 11. Ne4 Bf5 12. Bd3 Bxe4 13. Bxe4 Nd7 14. b4
Qc7 15. Rc1 Qc4 16. Bd3 Qxa2 17. O-O Nb6 18. Be4 Qc4 19. Nd2 Qb5 20. Qh5 g6
21. Qf3 Bg7 22. c4 Qxb4 23. Rb1 Qxd2 24. Rfd1 Qg5 25. Qa3 Nxc4 26. Qb4 b5 27.
Qxb5 Na3 {#R} 0-1

[Event "MVCC (Championship)"]
[Site "Twin Falls, ID"]
[Date "2014.03.22"]
[Round "2.5"]
[White "Nathan, Jacob Ari"]
[Black "Dugger, Gary"]
[Result "1-0"]
[WhiteElo "1150"]
[BlackElo "1278"]
[EventRounds "4"]
[EventCountry "USA"]

1. e4 e5 2. Nf3 Nc6 3. d4 exd4 4. Bc4 Bc5 5. c3 dxc3 6. Bxf7+ Kxf7 7. Qd5+ Kf8
8. Qxc5+ Qe7 9. Qf5+ Nf6 10. O-O d5 11. Qf4 dxe4 12. bxc3 exf3 13. Ba3 fxg2
14. Bxe7+ Nxe7 15. Rd1 Be6 16. Kxg2 Kf7 17. Re1 Rhe8 18. Kg1 c6 19. Nd2 Ned5
20. Qf3 Bg4 21. Qg3 Re2 22. Rxe2 Bxe2 23. c4 Nb6 24. Qc7+ Kf8 25. Re1 Re8 26.
Qxb7 Bxc4 27. Rxe8+ Nxe8 28. Qxa7 Nc8 29. Qc5+ Ncd6 30. Nxc4 Ke7 31. Nxd6 Nxd6
32. a4 Kd7 33. a5 Nb5 34. a6 Kc7 35. Qe7+ Kb6 36. Qb7+ Kc5 37. a7 Nd6 38. Qe7
Kd5 39. a8=Q Nb5 40. Qad8+ Kc4 41. Qe5 g6 42. Qh4+ Kb3 43. Qe3+ Kc2 44. Qa4+
Kb2 45. Qeb3+ Kc1 46. Qc2# 1-0

[Event "MVCC (Championship)"]
[Site "Twin Falls, ID"]
[Date "2014.03.22"]
[Round "3.5"]
[White "Knoll, Lucas"]
[Black "Nathan, Jacob Ari"]
[Result "1-0"]
[WhiteElo "1250"]
[BlackElo "1150"]
[EventRounds "4"]
[EventCountry "USA"]

1. e4 Nc6 2. Nf3 e5 3. Nc3 Bb4 4. Nd5 Bc5 5. Bc4 d6 6. h3 Nf6 7. d3 h6 8. O-O
Nxd5 9. Bxd5 Qf6 10. Bxc6+ bxc6 11. c3 Qg6 12. Nh4 Qg3 13. Nf5 Qg6 14. d4 exd4
15. cxd4 Bb4 16. Qa4 Bd7 17. Qxb4 Bxf5 18. exf5 Qxf5 19. Re1+ Kd7 20. b3 h5
21. Bb2 Rh6 22. Rad1 Rg6 23. d5 Re8 24. dxc6+ {#r} 1-0

[Event "MVCC (Championship)"]
[Site "Twin Falls, ID"]
[Date "2014.03.22"]
[Round "4.5"]
[White "Nathan, Jacob Ari"]
[Black "Vereshchagin, Aleksandr"]
[Result "0-1"]
[WhiteElo "1150"]
[BlackElo "1426"]
[EventRounds "4"]
[EventCountry "USA"]

1. e4 Nc6 2. d4 d5 3. e5 Bf5 4. Bb5 e6 5. h3 Qd7 6. a3 Nge7 7. Nc3 h6 8. Na4
b6 9. Nc3 a6 10. Bd3 Nxd4 11. Bxf5 Ndxf5 12. Nf3 g5 13. Nh2 d4 14. Ng4 Bg7 15.
Ne4 Ng8 16. h4 gxh4 17. Qf3 Rd8 18. Ngf6+ Nxf6 19. Nxf6+ Bxf6 20. exf6 Qd5 21.
Qxd5 Rxd5 22. Bf4 e5 23. Bh2 Rg8 24. Rg1 Kd7 25. O-O-O Ke6 26. g3 hxg3 27.
fxg3 c5 28. Rdf1 Rg6 29. Kd2 Ne3 30. Re1 Ng4 31. Re2 Rxf6 32. Rge1 Rf2 33. Bg1
Rxe2+ 34. Rxe2 Nf6 35. Kd3 e4+ 36. Kc4 Ke5 37. Rh2 h5 38. Re2 d3 39. cxd3 Rxd3
40. Bh2 Ng4 41. a4 Ne3+ 42. Rxe3 Rxe3 43. g4+ Kf6 44. gxh5 Rh3 45. Bc7 Rxh5
46. Bxb6 e3 47. Bxc5 Rxc5+ 48. Kxc5 e2 49. b4 e1=Q 50. b5 Qc3+ 51. Kb6 axb5
52. axb5 Ke6 53. Kb7 Kd6 54. b6 Kd7 55. Ka8 Qa5+ 56. Kb7 Qd5+ 57. Kb8 Kc6 58.
b7 Qd8+ 59. Ka7 Qb6+ 60. Kb8 Qxb7# 0-1

[Event "ICA Players Memorial"]
[Site "Boise, ID"]
[Date "2014.08.23"]
[Round "2.5"]
[White "Nathan, Jacob Ari"]
[Black "Roland, Jeffrey T"]
[Result "1-0"]
[WhiteElo "1164"]
[BlackElo "1718"]
[EventRounds "5"]
[EventCountry "USA"]

1. e4 e6 2. d4 d5 3. Nc3 dxe4 4. Nxe4 Nd7 5. Nf3 Ngf6 6. Bg5 Be7 7. Nxf6+ Nxf6
8. Be2 c5 9. O-O O-O 10. c3 cxd4 11. Nxd4 Bd7 12. Bd3 h6 13. Bf4 a6 14. Qf3
Nd5 15. Bd2 Bf6 16. Qe4 g6 17. Bxh6 Bg7 18. Bd2 f5 19. Qe2 e5 20. Bc4 Bc8 21.
Qf3 e4 22. Qg3 Bxd4 23. cxd4 Kf7 24. Bg5 Qd7 25. Qe5 {#r} 1-0

[Event "ICA Players Memorial"]
[Site "Boise, ID"]
[Date "2014.08.23"]
[Round "3.3"]
[White "Inman, James"]
[Black "Nathan, Jacob Ari"]
[Result "1-0"]
[WhiteElo "1788"]
[BlackElo "1164"]
[EventRounds "5"]
[EventCountry "USA"]

1. d4 Nf6 2. c4 e6 3. Nc3 Bb4 4. e3 b6 5. Nge2 c5 6. a3 cxd4 7. exd4 Bd6 8.
Ng3 Bb7 9. f3 Qc7 10. Kf2 Nc6 11. Nb5 Bxg3+ 12. hxg3 Qb8 13. Bf4 e5 14. dxe5
Nxe5 15. Nd6+ Kf8 16. Bxe5 Qc7 17. Bxf6 gxf6 18. Nxb7 Qxb7 19. Qd6+ Kg7 20.
Rh6 {#r} 1-0

[Event "ICA Players Memorial"]
[Site "Boise, ID"]
[Date "2014.08.24"]
[Round "4.6"]
[White "Sanderson, Kenneth"]
[Black "Nathan, Jacob Ari"]
[Result "1-0"]
[WhiteElo "1580"]
[BlackElo "1164"]
[EventRounds "5"]
[EventCountry "USA"]

1. e4 e5 2. Nf3 Nc6 3. Bb5 Bd6 4. c3 Nf6 5. d3 a6 6. Ba4 b5 7. Bb3 h6 8. h3
Na5 9. Bc2 c5 10. d4 exd4 11. e5 Qe7 12. O-O O-O 13. exd6 Qxd6 14. cxd4 cxd4
15. Nxd4 Bb7 16. Nc3 Qb6 17. Be3 Qc7 18. b3 Qxc3 19. Rc1 Qb4 20. Nf3 Qe7 21.
Bc5 Bxf3 22. Qxf3 d6 23. Bb4 Nb7 24. Rfe1 Qd7 25. Bf5 Qd8 26. Qxb7 a5 27. Bd2
Qb8 28. Rc7 Qxb7 29. Rxb7 b4 30. Ree7 d5 31. Ra7 d4 32. Rec7 Rfe8 33. Rxa8
Rxa8 34. Rc8+ Rxc8 35. Bxc8 Ne4 36. Bc1 Nc3 37. Bd2 Nxa2 38. Ba6 Nc3 39. Bc4
Kf8 40. Kf1 Ke7 41. Bf4 g5 42. Be5 d3 43. Bxd3 Ke6 44. Bc7 a4 45. bxa4 b3 46.
Ba5 Nxa4 47. Bc4+ {#r} 1-0

[Event "ICA Players Memorial"]
[Site "Boise, ID"]
[Date "2014.08.24"]
[Round "5.6"]
[White "Nathan, Jacob Ari"]
[Black "Edvalson, Paul"]
[Result "0-1"]
[WhiteElo "1164"]
[BlackElo "1620"]
[EventRounds "5"]
[EventCountry "USA"]

1. e4 c5 2. d4 cxd4 3. c3 g6 4. Nf3 Bg7 5. cxd4 d5 6. e5 Bg4 7. h3 Bxf3 8.
Qxf3 Nc6 9. Be3 Nh6 10. g4 O-O 11. Be2 e6 12. O-O f6 13. exf6 Rxf6 14. Qg3 Rf8
15. a3 Nxd4 16. Bd1 Nf7 17. Bf4 Rc8 18. Nc3 Qb6 19. Rb1 Rfd8 20. Re1 Re8 21.
Ba4 Nc6 22. Nb5 e5 23. Bd2 a6 24. Nc3 Rcd8 25. Qf3 e4 26. Qg3 Nfe5 27. Nxd5
Rxd5 28. Be3 Qd8 29. Bb3 Nf3+ 30. Kf1 Nxe1 31. Rxe1 Kh8 32. Bxd5 Qxd5 33. Qc7
Qb5+ 34. Kg2 Qxb2 35. Qd7 Rd8 36. Qc7 Qc3 37. Bg5 Rf8 {#R} 0-1

[Event "Western Idaho Open"]
[Site "Boise, ID"]
[Date "2014.12.13"]
[Round "1.107"]
[White "Nathan, Jacob Ari"]
[Black "Roland, Jeffrey T"]
[Result "0-1"]
[WhiteElo "1391"]
[BlackElo "1703"]
[EventRounds "5"]
[EventCountry "USA"]

1. e4 e5 2. Nf3 Nf6 3. Nxe5 d6 4. Nf3 Nxe4 5. d3 Nf6 6. Nc3 Be7 7. Be2 O-O 8.
O-O d5 9. h3 c5 10. d4 Nc6 11. dxc5 d4 12. Nb5 Bxc5 13. Bf4 Nd5 14. Be5 a6 15.
Nbxd4 Nxe5 16. Nxe5 Nf4 17. Nb3 Qg5 18. Ng4 Bxg4 19. Bxg4 Rad8 20. Qf3 Bd6 21.
Qxb7 h5 22. Bd7 Rxd7 23. Qxd7 Qxg2# 0-1

[Event "Western Idaho Open"]
[Site "Boise, ID"]
[Date "2014.12.13"]
[Round "2.107"]
[White "Yang, Kevin"]
[Black "Nathan, Jacob Ari"]
[Result "1-0"]
[WhiteElo "1487"]
[BlackElo "1391"]
[EventRounds "5"]
[EventCountry "USA"]

1. d4 Nf6 2. c4 e6 3. Nc3 Bb4 4. a3 Bxc3+ 5. bxc3 d6 6. Bg5 b6 7. Nf3 Nc6 8.
e3 Ba6 9. Qa4 Bb7 10. d5 Qd7 11. dxc6 Bxc6 12. Qd1 Ne4 13. Qc2 Nc5 14. Be2 Ba4
15. Qb2 O-O 16. O-O Rab8 17. Bd1 Bc6 18. Nd4 Ba8 19. Bf3 e5 20. Bxa8 Rxa8 21.
Nf3 Qg4 22. h3 Qxc4 23. Qb4 Qe6 24. Qg4 f5 25. Qb4 Qg6 26. Bh4 f4 27. Qc4+ Kh8
28. Qd5 Rae8 29. Rfe1 e4 30. Nd4 Re5 31. Qa2 Rh5 32. exf4 Rxh4 33. f5 Qg5 34.
Re3 Nd3 35. Ne6 Qxf5 36. Nxf8 Nf4 37. Nxh7 Kxh7 38. Qc4 Nd3 39. Rxd3 b5 40.
Rd5 Qxh3 41. gxh3 bxc4 42. Kh2 Rf4 43. Kg3 Rf3+ 44. Kg2 Rxc3 45. Rd4 Rd3 46.
Rxc4 c5 47. Rxe4 d5 48. Re3 Rd4 49. Rc1 c4 50. Ree1 Rd3 51. Red1 Rxd1 52. Rxd1
c3 53. Rxd5 c2 54. Rc5 {#r} 1-0

[Event "Western Idaho Open"]
[Site "Boise, ID"]
[Date "2014.12.13"]
[Round "3.109"]
[White "Nathan, Jacob Ari"]
[Black "White, Matthew William"]
[Result "1-0"]
[WhiteElo "1391"]
[BlackElo "1203"]
[EventRounds "5"]
[EventCountry "USA"]

1. e4 e5 2. Nf3 Nc6 3. d4 exd4 4. Bc4 Nf6 5. O-O Nxe4 6. Re1 f5 7. Nxd4 Nxd4
8. Qxd4 c6 9. f3 d5 10. Bb3 Bd6 11. Qxg7 Rf8 12. fxe4 Bc5+ 13. Be3 Bxe3+ 14.
Rxe3 Qb6 15. Qe5+ Kf7 16. exd5 Re8 17. d6+ Kf8 18. Qh8# 1-0

[Event "Western Idaho Open"]
[Site "Boise, ID"]
[Date "2014.12.14"]
[Round "4.110"]
[White "Sanderson, Kenneth"]
[Black "Nathan, Jacob Ari"]
[Result "0-1"]
[WhiteElo "1577"]
[BlackElo "1391"]
[EventRounds "5"]
[EventCountry "USA"]

1. e4 c5 2. Nc3 d6 3. g3 Nf6 4. Bg2 Nc6 5. d3 Bg4 6. f3 Be6 7. Nge2 h6 8. Nf4
Bd7 9. O-O g5 10. Nfd5 Nxd5 11. exd5 Ne5 12. Re1 Qc8 13. Ne4 Bh3 14. Nf2 Bxg2
15. Kxg2 Qf5 16. Rf1 h5 17. Ne4 Bh6 18. f4 gxf4 19. Bxf4 Bxf4 20. Rxf4 Qg6 21.
h3 f5 22. d4 cxd4 23. Qxd4 fxe4 24. Qa4+ Kd8 25. Raf1 Kc7 26. Rxe4 Rag8 27.
Qa5+ Kb8 28. Qe1 Rc8 29. Rf2 Rhg8 30. Qe3 Nc4 31. Qf3 Nxb2 32. Rb4 Rxc2 33.
Rxb2 Rxf2+ 34. Rxf2 Qg5 35. Qb3 Qe5 36. a4 Rc8 37. Rf3 Rc5 38. Re3 Qxd5+ 39.
Qxd5 Rxd5 40. Rxe7 Ra5 41. Rh7 Rxa4 42. Rxh5 Ra2+ 43. Kf3 Ra3+ 44. Kf4 Kc7 45.
g4 Kc6 46. g5 b5 47. g6 Ra1 48. g7 Rf1+ 49. Ke3 Rg1 50. Rh7 b4 51. Kd2 a5 52.
h4 a4 53. Kc2 b3+ 54. Kb2 Rg2+ 55. Kb1 a3 {#R} 0-1

[Event "ICA Spring Open"]
[Site "Pocatello, ID"]
[Date "2015.04.18"]
[Round "1.2"]
[White "Nathan, Jacob Ari"]
[Black "Buus, Jarod N"]
[Result "0-1"]
[WhiteElo "1396"]
[BlackElo "1669"]
[EventRounds "4"]
[EventCountry "USA"]

1. e4 c5 2. Nf3 d6 3. d4 cxd4 4. c3 d3 5. Bxd3 Nf6 6. O-O e5 7. Re1 Be6 8. Bg5
Be7 9. Na3 a6 10. Bc4 O-O 11. Qd3 Qc7 12. Bxe6 fxe6 13. c4 Nc6 14. Nc2 Rac8
15. b3 Nh5 16. Rad1 Rcd8 17. Bxe7 Qxe7 18. Kh1 Nf4 19. Qc3 Rf6 20. Ng1 Rh6 21.
Ne2 Qh4 22. Qg3 Qf6 23. Nxf4 exf4 24. Qd3 Qh4 25. h3 Qxf2 26. Rf1 Qh4 27. Nd4
Ne5 28. Qd2 Rf8 29. Nf3 Nxf3 30. Rxf3 e5 31. Qb4 Qe7 32. Kh2 Rff6 33. Qd2 g5
34. Qd5+ Kg7 35. g4 fxg3+ 36. Rxg3 Rf2+ 37. Kg1 Rxa2 38. h4 Rxh4 39. Qxd6 Qxd6
40. Rxd6 h6 41. Rd7+ Kg6 42. Rxb7 Rxe4 43. Re7 Re1# 0-1

[Event "ICA Spring Open"]
[Site "Pocatello, ID"]
[Date "2015.04.18"]
[Round "3.4"]
[White "Owen, Gary"]
[Black "Nathan, Jacob Ari"]
[Result "1-0"]
[WhiteElo "1590"]
[BlackElo "1396"]
[EventRounds "4"]
[EventCountry "USA"]

1. e4 e6 2. d4 d5 3. e5 c5 4. Nf3 Nc6 5. c3 cxd4 6. cxd4 Bd7 7. Be2 Be7 8. O-O
f6 9. Nc3 fxe5 10. dxe5 Qc7 11. Bf4 O-O-O 12. Rc1 a6 13. a3 Rf8 14. Bg3 h5 15.
h3 Nh6 16. Nxd5 exd5 17. e6 Bd6 18. Bxd6 Qxd6 19. exd7+ Kxd7 20. Qd2 Ne5 21.
Nxe5+ Qxe5 22. Bf3 Rf5 23. Rfd1 g5 24. Qxd5+ Qxd5 25. Rxd5+ Rxd5 26. Bxd5 Rc8
27. Be6+ {#r} 1-0

[Event "ICA Spring Open"]
[Site "Pocatello, ID"]
[Date "2015.04.18"]
[Round "4.4"]
[White "Zaklan, David Allen"]
[Black "Nathan, Jacob Ari"]
[Result "0-1"]
[WhiteElo "1481"]
[BlackElo "1396"]
[EventRounds "4"]
[EventCountry "USA"]

1. d4 Nf6 2. c4 e6 3. Nf3 Bb4+ 4. Nc3 c5 5. d5 d6 6. a3 Bxc3+ 7. bxc3 O-O 8.
Bg5 Nbd7 9. Qc2 b6 10. e4 Re8 11. Bd3 Qc7 12. O-O Ba6 13. Rfe1 Ng4 14. h3 Nge5
15. Nxe5 Nxe5 16. f4 Ng6 17. e5 exd5 18. cxd5 Bxd3 19. Qxd3 h6 20. f5 Nxe5 21.
Qd2 hxg5 22. Qxg5 Qe7 23. Qh5 Qf6 24. Re4 Qh6 25. Qe2 Qg5 26. Rf1 Qf6 27. Rff4
Kf8 28. Rh4 Ng6 29. fxg6 Qxh4 30. Rxh4 Rxe2 31. Rh8+ Ke7 32. Rxa8 fxg6 33.
Rxa7+ Kf6 34. Ra6 Rb2 35. c4 Ke5 36. Ra7 Kd4 37. Rxg7 Kxc4 38. Rxg6 Kxd5 39.
Rg5+ Kc6 40. h4 c4 41. h5 c3 42. Rf5 c2 43. Rf1 Rb1 44. h6 Rxf1+ 45. Kxf1
c1=Q+ {#R} 0-1

[Event "BCC #9"]
[Site "Boise, ID"]
[Date "2015.08.29"]
[Round "1.4"]
[White "Nathan, Jacob Ari"]
[Black "Machin, Alex James"]
[Result "0-1"]
[WhiteElo "1452"]
[BlackElo "1700"]

1. e4 e6 2. d4 d5 3. Nc3 Nf6 4. e5 Nfd7 5. Nf3 c5 6. Be3 Nc6 7. Bb5 Qb6 8. Qd2
Be7 9. O-O O-O 10. Bxc6 Qxc6 11. Ne1 b5 12. a4 b4 13. Ne2 a5 14. b3 Ba6 15. f4
Bxe2 16. Qxe2 cxd4 17. Bxd4 Bc5 18. Nf3 Qb6 19. Qf2 Rac8 20. Rfe1 Rc7 21. Rac1
Rfc8 22. Qe3 Qa7 23. Bxc5 Nxc5 24. Nd4 Ne4 25. Nb5 Qxe3+ 26. Rxe3 Rxc2 27. Rd1
Rd2 28. Ree1 Rcc2 29. Rxd2 Nxd2 30. Nd4 Rb2 31. Rc1 g6 32. Rc2 Rxc2 33. Nxc2
Nxb3 34. Kf2 Nc5 35. Nd4 b3 {#R} 0-1

[Event "BCC #9"]
[Site "Boise, ID"]
[Date "2015.08.29"]
[Round "3.5"]
[White "Hawkins, Nicholas B"]
[Black "Nathan, Jacob Ari"]
[Result "1-0"]
[WhiteElo "1543"]
[BlackElo "1452"]

1. e4 e6 2. d4 d5 3. Nd2 c5 4. c3 Nc6 5. Ngf3 Qb6 6. Qa4 Bd7 7. Bb5 a6 8. exd5
exd5 9. Bxc6 Bxc6 10. Qc2 Nf6 11. O-O Be7 12. Re1 Qc7 13. dxc5 O-O 14. b4 Rfe8
15. Nd4 Bxc5 16. Rxe8+ Rxe8 17. bxc5 Re1+ 18. Nf1 {#r} 1-0

[Event "BCC #9"]
[Site "Boise, ID"]
[Date "2015.08.29"]
[Round "4.7"]
[White "Nathan, Jacob Ari"]
[Black "Sanderson, Kenneth"]
[Result "0-1"]
[WhiteElo "1452"]
[BlackElo "1458"]

1. e4 c5 2. d4 cxd4 3. c3 d5 4. exd5 Qxd5 5. Nf3 e6 6. c4 Bb4+ 7. Bd2 Qc5 8.
a3 Bxd2+ 9. Nbxd2 a5 10. a4 Nf6 11. Bd3 Nc6 12. O-O O-O 13. Nb3 Qd6 14. Nbxd4
Nxd4 15. Nxd4 Rd8 16. Nb5 Qxd3 17. Qxd3 Rxd3 18. Rad1 Rxd1 19. Rxd1 Bd7 20. b3
Bxb5 21. axb5 Rc8 22. c5 Kf8 23. Rc1 Ke7 24. f3 Nd7 25. c6 bxc6 26. bxc6 Ne5
27. Rc5 Nxc6 28. Kf2 Kd6 29. Rc4 Rb8 30. Rc3 Rb4 {#R} 0-1

[Event "BCC #10"]
[Site "Boise, ID"]
[Date "2015.09.26"]
[Round "2.4"]
[White "Inman, James"]
[Black "Nathan, Jacob Ari"]
[Result "1-0"]
[WhiteElo "1823"]
[BlackElo "1452"]
[EventRounds "4"]
[EventCountry "USA"]

1. d4 Nf6 2. c4 e6 3. Nc3 Bb4 4. Qc2 b6 5. a3 Be7 6. e4 d6 7. Nf3 Bb7 8. Be2
c5 9. d5 Nbd7 10. O-O exd5 11. exd5 O-O 12. Re1 a6 13. Bg5 Re8 14. Qf5 Qc7 15.
Bd3 Bc8 16. Ne4 g6 17. Qf4 Nh5 18. Qh4 Ne5 19. Nxe5 Bxg5 20. Nxg5 dxe5 21. g4
Nf6 22. h3 Qd6 23. Re3 h6 24. Qxh6 Qf8 25. Qh4 Qg7 26. Rae1 Bd7 27. Qg3 Qh6
28. Rf3 Qxg5 29. h4 Qd2 30. Rxf6 Qxe1+ 31. Kh2 e4 32. Qf4 exd3 33. Rxf7 Qe5
34. Rf8+ Kg7 35. Rf7+ Kg8 36. Rf8+ Rxf8 37. Qxe5 Rxf2+ 38. Kg3 Raf8 39. h5 d2
40. Qe4 R2f3+ 41. Kh4 R8f6 42. h6 d1=Q 43. Qe7 {Time Forfeit} {#r} 1-0

[Event "BCC #10"]
[Site "Boise, ID"]
[Date "2015.09.26"]
[Round "3.6"]
[White "Nathan, Jacob Ari"]
[Black "White, Matthew William"]
[Result "1-0"]
[WhiteElo "1452"]
[BlackElo "1067"]
[EventRounds "4"]
[EventCountry "USA"]

1. e4 e5 2. Nf3 Nc6 3. d4 exd4 4. Bc4 Nf6 5. e5 d5 6. Bb5 Ne4 7. Nxd4 Bd7 8.
Nxc6 bxc6 9. Be2 Bc5 10. O-O f6 11. Nd2 fxe5 12. Nxe4 dxe4 13. Bh5+ g6 14. Bg4
Bxg4 15. Qxg4 O-O 16. Bh6 Rf7 17. Qxe4 Qd6 18. Qe2 Rd8 19. Rae1 Bd4 20. c3 Bb6
21. Kh1 Rf5 22. Be3 Bxe3 23. Qxe3 Qd2 24. Qxa7 Qxb2 25. Qxc7 Rxf2 26. Qxd8+
Kg7 27. Qe7+ Kh6 28. Qh4+ {#r} 1-0

[Event "BCC #10"]
[Site "Boise, ID"]
[Date "2015.09.26"]
[Round "4.3"]
[White "Sanderson, Kenneth"]
[Black "Nathan, Jacob Ari"]
[Result "1/2-1/2"]
[WhiteElo "1458"]
[BlackElo "1452"]
[EventRounds "4"]
[EventCountry "USA"]

1. e4 e6 2. d3 d5 3. Nd2 Nf6 4. Ngf3 c5 5. g3 Nc6 6. Bg2 Qc7 7. O-O Bd6 8. Re1
Bd7 9. Nb3 e5 10. exd5 Nxd5 11. Ng5 Nf6 12. Ne4 Nxe4 13. Bxe4 O-O-O 14. a4 Nd4
15. a5 Bc6 16. c3 Nxb3 17. Qxb3 Bxe4 18. dxe4 h5 19. c4 h4 20. gxh4 Be7 21.
Qh3+ Qd7 22. Qxd7+ Rxd7 23. Bg5 f6 24. Be3 Rxh4 25. f3 Rd3 26. Rad1 Rxd1 27.
Rxd1 Rh8 28. Rd5 b6 29. axb6 axb6 30. b3 Kc7 31. Kg2 Ra8 32. Kg3 Ra3 33. Rd3
Kc6 34. Bc1 Ra1 35. Be3 Ra8 36. Kg4 Rb8 37. h4 b5 38. Kf5 bxc4 39. bxc4 Rb2
40. Rc3 Bd8 41. Kg4 Ba5 42. Rc1 Bd2 43. Bxd2 Rxd2 44. Kg3 Kb6 45. Rb1+ Kc6 46.
Rc1 Kb6 47. Rb1+ Kc6 {#d} 1/2-1/2